000 01011nam a2200205Ia 4500
001 11676
003 GE_BSU
008 181216s||||||||xx |||||||||||||| ||und||
040 _cGE_BSU
080 _a619:616.3(075)
100 _aდარჩიაშვილი,ა.ი.
245 _aსასოფლო–სამეურნეო ცხოველთა საჭმლის მომნელებელი ორგანოების დაავადებანი და მათი პროფილაქტიკა.
245 _bსახელმძღვანელო.
260 _aთბილისი.
260 _bცოდნა.
260 _c1962.
300 _a198გვ;22სმ.
653 _aსასოფლო–სამეურნეო ცხოველთა საჭმლის მომნელებელი ორგანოების დაავადებანი და მათი პროფილაქტიკა.
942 _cBK
999 _c44862
_d44862